[Event "Budapest FS08 IM"]
[Site "Budapest"]
[Date "1994.??.??"]
[Round "12"]
[White "Joecks, Christian"]
[Black "Stadtmueller, Harald"]
[Result "1-0"]
[WhiteElo "2340"]
[BlackElo "2230"]

1.e4 d6 2.d4 Nf6 3.Nc3 c6 4.f4 Qa5 5.Bd2 e5 6.dxe5 dxe5 7.Nd5 Qd8 8.Nxf6+ Qxf6
9.Nf3 exf4 10.e5 Qh6 11.Bc4 Bc5 12.Qe2 O-O 13.O-O-O Be3 14.Bxe3 fxe3 15.Rd4 Bf5
16.Rhd1 Be6 17.Bd3 Bd5 18.Be4 Na6 19.Bxd5 cxd5 20.Rxd5 Rac8 21.Rd6 g6 22.R1d4 Nc5
23.Rh4 Qg7 24.Qxe3 Ne6 25.Ng5 Nxg5 26.Qxg5 Rfe8 27.Re4 Qf8 28.c3 Rc5 29.Rd7 f6
30.Qh4  1-0

[Event "BUL-ch"]
[Site "BUL"]
[Date "1994.??.??"]
[Round "5"]
[White "Stavrev, Nikolai"]
[Black "Popchev, Milko"]
[Result "0-1"]
[WhiteElo "2245"]
[BlackElo "2465"]

1.e4 d6 2.d4 Nf6 3.Nc3 c6 4.f3 b5 5.Be3 Nbd7 6.Qd2 Qc7 7.Nge2 e5 8.g4 Nb6
9.Ng3 g6 10.g5 Nfd7 11.h4 h5 12.f4 b4 13.Nd1 c5 14.dxe5 dxe5 15.a4 exf4 16.Bxf4 Ne5
17.Bb5+ Nbd7 18.O-O Bg7 19.Ne3 O-O 20.Nd5 Qd8 21.Rad1 Bb7 22.Qe2 Bxd5 23.Rxd5 Qe7
24.Bxd7 Nxd7 25.Bd6 Qe6 26.Bxf8 Rxf8 27.Kg2 Bxb2 28.Qb5 Ne5 29.Qxc5 Rc8 30.Qxb4 Ng4
31.Qxb2 Ne3+ 32.Kh2 Qg4 33.Qf6 Qxh4+  0-1

[Event "ESP-chT"]
[Site "Cala Galdana"]
[Date "1994.??.??"]
[Round "?"]
[White "Magem Badals, Jorge"]
[Black "Rivas Pastor, Manuel"]
[Result "0-1"]
[WhiteElo "2505"]
[BlackElo "2505"]

1.e4 d6 2.d4 Nf6 3.Nc3 c6 4.f4 Qb6 5.e5 Nd5 6.Ne4 dxe5 7.fxe5 Bf5 8.Ng3 Bg6
9.a3 e6 10.Nf3 Nd7 11.c4 Ne7 12.c5 Qc7 13.Bd3 O-O-O 14.Bxg6 Nxg6 15.Qc2 f6
16.exf6 gxf6 17.O-O Kb8 18.b4 Ka8 19.Re1 e5 20.Nf5 Rg8 21.Qb3 Bg7 22.Ra2 Bh8
23.Qf7 h5 24.Bh6 Qb8 25.Rd2 exd4 26.Rxd4 Nde5 27.Nxe5 Nxe5 28.Qxh5 Rxd4 29.Nxd4 Rg4
30.Rxe5 Qxe5 31.Qxe5 fxe5 32.Nf5 Rc4 33.h4 e4 34.h5 a5 35.bxa5 Rxc5 36.g4 Rxa5
37.Bf8 e3 38.Kf1 Ra4 39.Bb4 c5 40.Bxc5 Rxg4 41.Bxe3 Ra4 42.Ke2 Rxa3 43.h6 Ra2+
44.Kd3 Rh2 45.Nd6 Rh5 46.Ke4 b5 47.Nf5 b4 48.Bd4 Bxd4 49.Nxd4 Rxh6 50.Kd5 Kb7
51.Kc5 Rh4 52.Nb3 Ka6  0-1

[Event "Calcutta op2"]
[Site "Calcutta"]
[Date "1994.??.??"]
[Round "?"]
[White "Dongre, Ravindra Malidh"]
[Black "Koshy, Varugeese"]
[Result "0-1"]
[WhiteElo "2225"]
[BlackElo "2415"]

1.e4 d6 2.d4 Nf6 3.Nc3 e5 4.Bc4 Be7 5.Nf3 O-O 6.O-O Nbd7 7.Qe2 c6 8.Bg5 h6
9.Be3 b5 10.Bd3 a6 11.b4 Bb7 12.Qd2 Ng4 13.Ne2 c5 14.bxc5 dxc5 15.dxc5 f5
16.Qb4 Nxe3 17.fxe3 Bxc5 18.Qb3+ Kh8 19.Ng3 Bxe3+ 20.Kh1 f4 21.Nf5 Rxf5 22.exf5 e4
23.Bxe4 Bxe4 24.Rad1 Bxf5 25.Qf7 Qf6 26.Rxd7 Bxd7 27.Qxd7 Rd8 28.Qc7 Qd6
29.Qf7 Qd1 30.Re1 Qxc2 31.Qe7 Qd1 32.h3 Qd7 33.Qe4 Qd5 34.Qg6 Qd6 35.Qf7 Qd5
36.Qg6 Rd6 37.Qe8+ Qg8 38.Qh5 Qe6 39.Ng5 Qg6 40.Nf7+ Kh7 41.Qe5 Rd2  0-1

[Event "Calcutta op2"]
[Site "Calcutta"]
[Date "1994.??.??"]
[Round "?"]
[White "Radha, S R."]
[Black "Roktim, Bandyopadhyay"]
[Result "1/2-1/2"]
[WhiteElo "2020"]
[BlackElo "2185"]

1.e4 d6 2.d4 Nf6 3.Nc3 e5 4.Nf3 Nbd7 5.Bc4 Be7 6.O-O O-O 7.h3 h6 8.Be3 c6
9.a4 a5 10.Qe2 Re8 11.Rad1 Qc7 12.dxe5 Nxe5 13.Bb3 Nxf3+ 14.Qxf3 Be6 15.Rd2 Bxb3
16.cxb3 Nd7 17.Qg3 Kh8 18.Rfd1 Rad8 19.Bf4 Ne5 20.Ne2 Ng6 21.Bxd6 Bxd6 22.Rxd6 Rxd6
23.Rxd6 Rxe4 24.Nc3 Re7 25.Rd3 Qxg3 26.fxg3 Ne5 27.Rd8+ Kh7 28.Kf2 Nd7 29.Ne2 Nc5
30.Nd4 g6 31.g4 Kg7 32.Kf3 Rd7 33.Rxd7 Nxd7 34.Ke4 Kf6 35.Ne2 Nc5+ 36.Kd4 Ne6+
37.Kc4 Ke5 38.b4 axb4 39.Kxb4 b6 40.a5 bxa5+ 41.Kxa5 Nf4 42.Nxf4 Kxf4 43.Kb6 Kg3
44.Kxc6 Kxg2 45.b4 f5 46.gxf5 gxf5 47.b5 f4 48.b6 f3 49.b7 f2 50.b8=Q f1=Q
51.Qg8+ Kxh3 52.Qe6+ Kg2 53.Qg6+ Kf2 54.Qf6+ Kg1 55.Qd4+ Qf2 56.Qa1+ Kh2  1/2-1/2

[Event "Calcutta op2"]
[Site "Calcutta"]
[Date "1994.??.??"]
[Round "?"]
[White "Mithrakanth, Poorna Sharma"]
[Black "Sareen, Vishal"]
[Result "1-0"]
[WhiteElo "2370"]
[BlackElo "2280"]

1.e4 d6 2.d4 Nf6 3.Nc3 e5 4.dxe5 dxe5 5.Qxd8+ Kxd8 6.Bc4 Be6 7.Bxe6 fxe6
8.Nge2 Nc6 9.Bg5 Bd6 10.O-O-O h6 11.Bxf6+ gxf6 12.f4 exf4 13.Nxf4 Kd7 14.Rhf1 Rag8
15.Nb5 Ke7 16.Nxd6 cxd6 17.Rd3 Rg4 18.h3 Rg5 19.g4 Rf8 20.Rb3 Nd8 21.Rbf3 Rf7
22.Nh5 f5 23.exf5 exf5 24.Rxf5 Rfxf5 25.Rxf5 Rxf5 26.gxf5 Nf7 27.Kd2 Ng5
28.h4 Nf3+ 29.Ke3 Nxh4 30.Ke4 Ng2 31.c4 Nh4 32.b4 Ng2 33.a4 Ne1 34.a5 Nc2
35.b5 Nb4 36.Nf4 Kf6 37.Nd5+ Nxd5 38.Kxd5 h5 39.Kxd6 h4 40.c5 h3 41.c6 bxc6
42.bxc6 h2 43.c7 h1=Q 44.c8=Q Qd1+ 45.Kc7 Qc2+ 46.Kb7 Qb3+ 47.Kxa7 Qe3+ 48.Kb8 Qe5+
49.Qc7 Qxf5 50.Qc6+ Kg5 51.a6 Qf8+ 52.Kb7 Qb4+ 53.Kc7 Qa5+ 54.Kd6 Kh4 55.Qe4+ Kh3
56.Qe6+ Kh4 57.Qe7+ Kh3 58.Qd7+ Kh4 59.a7 Qb6+ 60.Ke7 Qa5 61.Ke8 Qh5+ 62.Kd8 Qa5+
63.Kc8 Qa6+ 64.Kd8 Qa5+ 65.Kc8 Qa6+ 66.Kd8 Qa5+ 67.Qc7 Qd5+ 68.Ke7 Qg5+ 69.Kf7 Qf5+
70.Kg7 Qg5+ 71.Kh8 Qf6+ 72.Qg7 Qd8+ 73.Kh7 Qd3+ 74.Kg8 Qd8+ 75.Qf8 Qd5+ 76.Kg7 Qd7+
77.Qf7 Qg4+ 78.Kh6 Qe4 79.Qh5+  1-0

[Event "Calcutta op"]
[Site "Calcutta"]
[Date "1994.??.??"]
[Round "4"]
[White "Rahman, Zillur"]
[Black "Barua, Dibyendu"]
[Result "1-0"]
[WhiteElo "2295"]
[BlackElo "2510"]

1.e4 d6 2.d4 Nf6 3.Nc3 Nbd7 4.f4 e5 5.Nf3 c6 6.dxe5 dxe5 7.Nxe5 Nxe5 8.Qxd8+ Kxd8
9.fxe5 Nd7 10.Bf4 Nc5 11.Bc4 Be6 12.Bxe6 Nxe6 13.O-O-O+ Ke8 14.Bg3 h5 15.Rhf1 h4
16.Bf2 Rh5 17.Rd3 Bb4 18.Rf3 Rxe5 19.Rxf7 Bxc3 20.bxc3 Kxf7 21.Bd4+ Kg6 22.Bxe5 Ng5
23.Rd1 Re8 24.Rd6+ Kf7 25.Bd4 Re7 26.Bxa7 Nxe4 27.Rd3 g5 28.Rf3+ Kg6 29.Bb8 Re8
30.Bc7 Nf6 31.c4 Re2 32.Rb3 Ng4 33.h3 Ne3 34.g3 Nxc4 35.Kd1 Re7 36.Bb8 b5
37.gxh4 gxh4 38.Bf4 Kf5 39.Bc1 Ke4 40.Ke2 Rg7 41.Kf2 Rf7+ 42.Ke2 Ra7 43.a3 Re7
44.Bg5 Rh7 45.a4 Kf5 46.Bc1 Re7+ 47.Kf2 bxa4 48.Rb4 Re4 49.Rxa4 Ke6 50.Bg5 Kd5
51.Ra8 Ne5 52.Rd8+ Ke6 53.Rh8 Rc4 54.Rxh4 Rxc2+ 55.Ke3 c5 56.Ra4 Kd5 57.h4 Rc3+
58.Kf2 c4 59.Ra1 Rf3+ 60.Kg2 Rf8 61.Kg3 c3 62.Kg2 c2 63.Rf1 Re8 64.Kh3 Rg8
65.Re1 Rc8 66.h5 Kc4 67.h6 Nf7 68.Rc1 Kd3  1-0

[Event "Capablanca mem-B"]
[Site "?"]
[Date "1994.??.??"]
[Round "3"]
[White "Slobodjan, Roman"]
[Black "Matamoros Franco, Carlos S"]
[Result "1-0"]
[WhiteElo "2440"]
[BlackElo "2400"]

1.e4 d6 2.d4 Nf6 3.Nc3 e5 4.Nf3 Nbd7 5.g3 g6 6.Bg2 Bg7 7.O-O O-O 8.a4 c6
9.Re1 Re8 10.h3 exd4 11.Nxd4 a5 12.Bf4 Ne5 13.b3 Nfd7 14.Qd2 Nc5 15.Be3 f6
16.f4 Nf7 17.g4 Bd7 18.Rad1 Qc7 19.Kh1 Re7 20.Ndb5 cxb5 21.Nd5 Qd8 22.Bxc5 Re8
23.Bb6 Qc8 24.Nc7 bxa4 25.bxa4 Bxa4 26.Nxa8 Qxa8 27.Ra1 Bc6 28.Rxa5 Qc8 29.Bd4 g5
30.fxg5 Nxg5 31.Rxg5 fxg5 32.Bxg7 Kxg7 33.Qxg5+ Kh8 34.Qf6+ Kg8 35.Qxd6 Qe6
36.Qxe6+ Rxe6 37.e5 Kf7 38.Re2 Bxg2+ 39.Kxg2 Rc6 40.Kg3 Rc3+ 41.Kh4 Ke6 42.g5  1-0

[Event "Capablanca mem-B"]
[Site "?"]
[Date "1994.??.??"]
[Round "12"]
[White "Diaz, Joaquin C"]
[Black "Matamoros Franco, Carlos S"]
[Result "1-0"]
[WhiteElo "2435"]
[BlackElo "2400"]

1.e4 d6 2.d4 Nf6 3.Nc3 e5 4.Nf3 Nbd7 5.Be2 Be7 6.O-O O-O 7.Re1 c6 8.Bf1 b5
9.a4 b4 10.Nb1 Bb7 11.a5 c5 12.d5 Bc8 13.Nbd2 Ne8 14.Bd3 g6 15.Bc4 Kh8 16.Qe2 f5
17.Ba6 Ndf6 18.Bxc8 Qxc8 19.Rd1 Nc7 20.Nc4 fxe4 21.Nfd2 Ncxd5 22.Nxe4 Qe6
23.Nxf6 Nxf6 24.Bg5 Rad8 25.f3 Nh5 26.Bxe7 Qxe7 27.Rd2 Rfe8 28.Re1 Qe6 29.b3 Ng7
30.Qd1 Nf5 31.Rxe5 Qd7 32.Rxc5 Ne3 33.Qa1+ Kg8 34.Rxd6 Qe7 35.Re5 Nxc2 36.Qb2  1-0

[Event "Cappelle"]
[Site "Cappelle la Grande"]
[Date "1994.??.??"]
[Round "2"]
[White "Apicella, Manuel"]
[Black "Piskov, Yury"]
[Result "1/2-1/2"]
[WhiteElo "2465"]
[BlackElo "2510"]

1.e4 d6 2.d4 Nf6 3.Nc3 c6 4.Bg5 Qa5 5.Qd2 e5 6.f4 Nbd7 7.Nf3 Be7 8.O-O-O h6
9.Bh4 exf4 10.e5 dxe5 11.dxe5 Nxe5 12.Nxe5 Qxe5 13.Re1 Qc7 14.Bxf6 gxf6 15.Bc4 Kf8
16.Rhf1 Bd6 17.Ne2 b5 18.Bb3 a5 19.a3 a4 20.Ba2 b4 21.Nxf4 Bf5  1/2-1/2

[Event "Cappelle op"]
[Site "Cappelle la Grande"]
[Date "1994.??.??"]
[Round "5"]
[White "Gurevich, Vladimir"]
[Black "Savchenko, Stanislav"]
[Result "1/2-1/2"]
[WhiteElo "2420"]
[BlackElo "2540"]

1.e4 d6 2.d4 Nf6 3.Nc3 e5 4.dxe5 dxe5 5.Qxd8+ Kxd8 6.Bc4 Be6 7.Bxe6 fxe6
8.f3 Bd6 9.Be3 a6 10.Nh3 Nc6 11.O-O-O Ke7 12.Nb1 h6 13.Nd2 b5 14.c3  1/2-1/2

[Event "Cappelle"]
[Site "Cappelle la Grande"]
[Date "1994.??.??"]
[Round "5"]
[White "Flear, Glenn C"]
[Black "Piskov, Yury"]
[Result "1-0"]
[WhiteElo "2505"]
[BlackElo "2510"]

1.d4 d6 2.e4 Nf6 3.Nc3 c6 4.f3 d5 5.Bf4 e6 6.Bd3 dxe4 7.fxe4 Qxd4 8.Nb5 Qb4+
9.c3 Qxb2 10.Nc7+ Kd8 11.Nxa8 Bc5 12.Ne2 Nbd7 13.a4 Ng4 14.Rf1 Ke7 15.Bc1 Qxa1
16.Bg5+ f6 17.Qxa1 fxg5 18.Nd4 Nde5 19.Be2 Ne3 20.Qc1 Nxg2+ 21.Kd1 h6 22.Rf2 Nf4
23.Qe3 Bd6 24.Nb3 Rd8 25.Kc2 Nxe2 26.Rxe2 b6 27.Nxb6 axb6 28.Qxb6 Nc4 29.Qxc6 Ne5
30.Qb5 Bd7 31.Qa6 Bc8 32.Qa7+ Rd7 33.Qa8 Rc7 34.Nd4 Bd7 35.Nb5 Rc8 36.Qb7 Nc4
37.Nxd6 Nxd6 38.Qa7 Rc4 39.e5 Ne4 40.Kd3 Rxa4 41.Qc7  1-0

[Event "Ceske Budejovice op"]
[Site "Ceske Budejovice"]
[Date "1994.??.??"]
[Round "5"]
[White "Nishimura, Hiroyuki"]
[Black "Ratolistka, Josef"]
[Result "1/2-1/2"]
[WhiteElo "2270"]
[BlackElo "2200"]

1.e4 Nf6 2.Nc3 d6 3.d4 c6 4.Nf3 Bg4 5.Be2 Bxf3 6.Bxf3 e5 7.Be3 Be7 8.O-O O-O
9.a4 Nbd7 10.d5 Qc7 11.Qd2 Nb6 12.b3 cxd5 13.Bxb6 Qxb6 14.Nxd5  1/2-1/2

[Event "FRA-ch"]
[Site "Chambery"]
[Date "1994.??.??"]
[Round "?"]
[White "Relange, Eloi"]
[Black "Chomet, Pascal"]
[Result "1/2-1/2"]
[WhiteElo "2445"]
[BlackElo "2355"]

1.d4 d6 2.e4 Nf6 3.Nc3 Nbd7 4.f4 e5 5.dxe5 dxe5 6.fxe5 Nxe5 7.Qxd8+ Kxd8
8.Bf4 Bd6 9.O-O-O Ke7 10.Bg3 Bg4 11.Be2 Bxe2 12.Ngxe2 Neg4 13.Rhe1 Bxg3 14.Nxg3 Rhd8
15.Rxd8 Rxd8 16.e5 Nd5 17.Nf5+ Kf8 18.h3 Nxc3 19.bxc3 Nh6 20.Nxh6 gxh6 21.Rf1 Kg7
22.Rf5 Rd5 23.Kb2 Rb5+ 24.Ka3 Rb1 25.g4 Rh1 26.Rh5 Rb1 27.c4 b6 28.Rf5 c5
29.c3 Rh1 30.Rh5 Rb1 31.Rf5 Rh1 32.Rh5 Rb1 33.Rf5 Rh1 34.Rh5 Rb1 35.Rf5  1/2-1/2

[Event "CZE-ch (Women)"]
[Site "Chrudim"]
[Date "1994.??.??"]
[Round "2"]
[White "Martinkova, E."]
[Black "Bartoszova, J."]
[Result "0-1"]
[WhiteElo "1725"]
[BlackElo "2075"]

1.e4 d6 2.d4 Nf6 3.Nc3 c6 4.f4 Qa5 5.Bd2 Qb6 6.Bc1 e5 7.fxe5 dxe5 8.Nf3 exd4
9.Nxd4 Bb4 10.Qd3 O-O 11.Ne2 Ng4 12.Qg3 Bc5 13.Nd1 Rd8 14.Nec3 Bd6 15.Bf4 Bxf4
16.Qxf4 Be6 17.Be2 Nf6 18.Qe3 Rd4 19.Nf2 Nbd7 20.O-O Ne5 21.Kh1 Rad8 22.Qg3 Nc4
23.Nd3 Nxe4 24.Nxe4 Rxe4 25.Nf4 Ne3 26.Nh5 Bg4 27.h3 Bxh5 28.Bxh5 Nxf1 29.Rxf1 g6
30.Qf3 f5 31.Qg3 Qe3 32.Qc7 Rf8 33.Bf3 Re7  0-1

[Event "Bohemia"]
[Site "Chrudim"]
[Date "1994.??.??"]
[Round "9"]
[White "Krupkova, Petra"]
[Black "Kubikova, Hana"]
[Result "1/2-1/2"]
[WhiteElo "2235"]
[BlackElo "2165"]

1.d4 Nf6 2.Nc3 d6 3.e4 Nbd7 4.Nf3 e5 5.Bc4 h6 6.O-O Be7 7.Re1 c6 8.a4 exd4
9.Nxd4 Ne5 10.Be2 O-O 11.f4 Ng6 12.Be3 Re8  1/2-1/2

[Event "Clichy"]
[Site "Clichy"]
[Date "1994.??.??"]
[Round "2"]
[White "Lukasiewicz, Grzegorz"]
[Black "Manouck, Thierry"]
[Result "1-0"]
[WhiteElo "2375"]
[BlackElo "2285"]

1.d4 d6 2.e4 Nf6 3.Nc3 Nbd7 4.Nf3 e5 5.Bc4 Be7 6.O-O O-O 7.h3 c6 8.a3 b5
9.Ba2 Bb7 10.Re1 Qc7 11.Be3 a5 12.Nh4 b4 13.Nf5 Rfe8 14.Nb1 exd4 15.Bg5 Bf8
16.Nd2 c5 17.Qf3 Ne5 18.Qg3 Kh8 19.Bxf6 gxf6 20.Qh4 Bg7 21.Nc4 Rad8 22.Rad1 Bc8
23.Nxg7 Kxg7 24.Qg3+ Ng6 25.c3 bxc3 26.bxc3 f5 27.cxd4 Rxe4 28.Rxe4 fxe4
29.dxc5 Qxc5 30.Rxd6 Re8 31.Qc3+ Ne5 32.Qxa5 Qxa5 33.Nxa5 Bf5 34.Bd5 Nd3
35.Nc4 Bg6 36.a4 Rb8 37.Rb6 Rd8 38.Ne3 Nf4 39.Rb5 Ne2+ 40.Kh2 Nc3 41.Ra5 Rb8
42.g4 Rb2 43.Kg2 h5 44.Bc4 h4 45.Ra7 Kh6 46.a5 f5 47.gxf5 Bh5 48.Ra6+ Kg5
49.Rb6 Bf3+ 50.Kg1 Rd2 51.f6 Nd1 52.f7 Nxe3 53.fxe3 Rd1+ 54.Bf1 Rd8 55.a6 Bh5
56.a7  1-0

[Event "Clichy"]
[Site "Clichy"]
[Date "1994.??.??"]
[Round "5"]
[White "Moingt, Jean Claude"]
[Black "Manouck, Thierry"]
[Result "1/2-1/2"]
[WhiteElo "2220"]
[BlackElo "2285"]

1.e4 d6 2.d4 Nf6 3.Nc3 Nbd7 4.Nf3 e5 5.Bc4 Be7 6.O-O O-O 7.Qe2 c6 8.a4 a5
9.Rd1 Qe8 10.h3 Bd8 11.Bg5 h6 12.Be3 Kh7 13.Ba2 Qe7 14.dxe5 dxe5 15.Nd2 Nc5
16.Qf3 Bc7 17.Nc4 Be6 18.Rd2 Rfd8 19.Rad1 Rxd2 20.Rxd2 Kg8 21.Bxc5 Qxc5 22.Ne3 Qb4
23.Bxe6 fxe6 24.Ng4 Rf8 25.b3 Nd5 26.Nxd5 exd5 27.Qd3 d4 28.Rd1 b5 29.Qg3 Kh7
30.Nxe5 Rf6 31.f4 bxa4 32.Nd3 Qc3 33.e5 Rg6 34.Qf3 Qxc2 35.Rc1 Qd2 36.f5 Rxg2+
37.Qxg2 Qxd3 38.Rxc6 Qe3+ 39.Kh1 Qe1+ 40.Qg1 Qe4+ 41.Qg2 Qb1+ 42.Qg1 Qxf5
43.Rxc7 Qxh3+ 44.Qh2 Qf1+ 45.Qg1 Qh3+ 46.Qh2  1/2-1/2

[Event "Cordoba op"]
[Site "Cordoba"]
[Date "1994.??.??"]
[Round "8"]
[White "Pariente Lopez, Francisco"]
[Black "Campora, Daniel H"]
[Result "0-1"]
[WhiteElo "2210"]
[BlackElo "2560"]

1.e4 d6 2.d4 Nf6 3.Nc3 e5 4.Nf3 Nbd7 5.Bc4 Be7 6.O-O O-O 7.Qe2 exd4 8.Nxd4 Ne5
9.Bb3 c5 10.Nf5 Bxf5 11.exf5 Qd7 12.Nd5 Rae8 13.Ne3 Bd8 14.Rd1 b5 15.c3 c4
16.Bc2 Bb6 17.a4 a6 18.h3 Qc6 19.axb5 axb5 20.Rb1 d5 21.b3 Bc5 22.Kf1 h6
23.b4 Bb6 24.f4 Nd3 25.Bxd3 cxd3 26.Qxd3 Ne4 27.Rb3 Qf6 28.Qxb5 Qh4  0-1

[Event "CZE-ch"]
[Site "?"]
[Date "1994.??.??"]
[Round "9"]
[White "Pacl, Vaclav"]
[Black "Spacek, Petr"]
[Result "1/2-1/2"]
[WhiteElo "2300"]
[BlackElo "2395"]

1.e4 d6 2.d4 Nf6 3.Nc3 c6 4.f4 Qa5 5.e5 Ne4 6.Bd3 Nxc3 7.Qd2 g6 8.Ne2 Qd5
9.Nxc3 Qxd4 10.exd6 Qxd6 11.Ne4 Qd4 12.c3 Qd8 13.Qe2 Bg7 14.Be3 Bf5 15.O-O-O Nd7
16.Ng5 Bxd3 17.Qxd3 Bf6  1/2-1/2

[Event "CZE-chT"]
[Site "?"]
[Date "1994.??.??"]
[Round "?"]
[White "Velicka, Petr"]
[Black "Blatny, Pavel"]
[Result "0-1"]
[WhiteElo "2415"]
[BlackElo "2525"]

1.e4 d6 2.d4 Nf6 3.Nc3 c6 4.h3 Qc7 5.Nf3 e5 6.a4 b6 7.Bg5 Nbd7 8.Bxf6 Nxf6
9.d5 a6 10.Bc4 Bb7 11.O-O Be7 12.dxc6 Bxc6 13.Nd5 Qb7 14.Nxf6+ gxf6 15.Re1 f5
16.exf5 Rg8 17.Kf1 Rd8 18.Qe2 b5 19.axb5 axb5 20.Bd3 f6 21.Qe3 Rd7 22.Ra2 Bd8
23.Rea1 Bb6 24.Qe2 e4 25.Nd2 e3 26.Ra8+ Rd8 27.Rxd8+ Kxd8 28.Nf3 exf2 29.Qe6 Bd5
30.Qxd6+ Kc8 31.Bxb5 Rd8 32.Qb4 Kb8 33.Ba6 Qc7 34.Be2 Rg8 35.Ra6 Kb7 36.Ra1 Bxf3
37.Bxf3+  0-1

[Event "CZE-chT"]
[Site "?"]
[Date "1994.??.??"]
[Round "?"]
[White "Seifert, Milan"]
[Black "Pribyl, Martin"]
[Result "1/2-1/2"]
[WhiteElo "2280"]
[BlackElo "2360"]

1.e4 d6 2.d4 Nf6 3.Nc3 c6 4.Nf3 Bg4 5.Be2 e6 6.Be3 Be7 7.O-O O-O 8.h3 Bh5
9.Ne1 Bxe2 10.Qxe2 d5 11.e5 Nfd7 12.Nd3 c5 13.Qg4 Kh8 14.Ne2 cxd4 15.Nxd4 Nc6
16.Nf3 Qc7 17.Rfe1 Ndxe5 18.Nfxe5 Nxe5 19.Nxe5 Qxe5 20.Bxa7 Qg5 21.Qxg5 Bxg5
22.Bd4 Ra4 23.c3 Rfa8 24.a3 Be7 25.f4 Bd6 26.f5 Re8 27.fxe6 fxe6 28.Re2 Kg8
29.Rae1 Ra6 30.g4 Bf4 31.Be5 Bxe5 32.Rxe5 Kf7 33.Kg2 Rb6 34.R1e2 h6 35.h4 Rc8
36.Rf2+ Ke7 37.Kg3 Rc4 38.Re3 g5 39.hxg5 hxg5 40.Re5 Rf4 41.Rh2 Kf6 42.Rxd5 Rxb2
43.Rh6+ Ke7 44.Rh7+ Kf6 45.Rh6+ Ke7 46.Rh7+  1/2-1/2

[Event "DEN-chT9394"]
[Site "DEN"]
[Date "1994.??.??"]
[Round "4"]
[White "Jorgensen, Brian Jorgen"]
[Black "Jaksland, Tim"]
[Result "1-0"]
[WhiteElo "2270"]
[BlackElo "2245"]

1.e4 d6 2.d4 Nf6 3.Nc3 c6 4.f4 Qa5 5.Bd3 e5 6.Nf3 Bg4 7.Be3 exd4 8.Bxd4 Qb4
9.Be2 Nxe4 10.O-O d5 11.Nxe4 dxe4 12.c3 Qa5 13.Ng5 Bxe2 14.Qxe2 f5 15.Bxg7 Bxg7
16.Qh5+ Kd8 17.Ne6+ Ke7 18.Nxg7 Qc5+ 19.Kh1 Nd7 20.Qg5+ Kf7 21.Nxf5 Ke6 22.Qh6+ Nf6
23.Ng3 Kf7 24.Qxf6+  1-0

[Event "DEN-chT9394"]
[Site "DEN"]
[Date "1994.??.??"]
[Round "5"]
[White "Christensen, Tobias"]
[Black "Hoiberg, Nina"]
[Result "1-0"]
[WhiteElo "2380"]
[BlackElo "2230"]

1.d4 d6 2.e4 Nf6 3.Nc3 e5 4.Nf3 Nbd7 5.Bc4 Be7 6.O-O O-O 7.Re1 c6 8.a4 b6
9.Qe2 Qc7 10.h3 a6 11.d5 cxd5 12.Bxd5 Bb7 13.Bxb7 Qxb7 14.Bg5 h6 15.Bxf6 Nxf6
16.Nh2 Nh7 17.Qd3 Ng5 18.Nf1 Ne6 19.Ne3 Nd4 20.Ne2 Nxe2+ 21.Rxe2 g6 22.Nd5 Kg7
23.Rd1 Rfd8 24.g3 b5 25.axb5 axb5 26.b3 b4 27.h4 Bf8 28.Qf3 Be7 29.Qd3 Bf8
30.h5 Be7 31.Kg2 Bf8 32.Qf3 Be7 33.Qd3 Ra5 34.Qd2 Rb5 35.hxg6 fxg6 36.Ra1 Bg5
37.Qd3 Qd7 38.Ra7 Qxa7 39.Qxb5 Rb8 40.Qc6 Be7 41.Rd2 Bf8 42.Rd1 Kh8 43.Rd3 Qb7
44.Qxb7 Rxb7 45.Rd1 h5 46.Ra1 Bh6 47.Ra6 Bc1 48.Rxd6 Kg7 49.Rc6 Bb2 50.Rc4 Ba3
51.Nc7 Kh6 52.Ne6 Rb6 53.Nc5 Kg5 54.Nd3 Kf6 55.Kh3 g5 56.Rc8 Re6 57.Rf8+ Kg7
58.Rc8 Kf6 59.f3 Kf7 60.Rh8 Kg7 61.Rxh5 Rc6 62.Rxg5+ Kh6 63.Nxe5 Rxc2 64.f4 Rc3
65.Ng4+ Kh7 66.Nf6+ Kh6 67.Ng4+ Kh7 68.f5  1-0

[Event "DEN-chT9394"]
[Site "DEN"]
[Date "1994.??.??"]
[Round "6"]
[White "Holst, Allan"]
[Black "Boe, Mads"]
[Result "1-0"]
[WhiteElo "2305"]
[BlackElo "2275"]

1.e4 d6 2.d4 Nf6 3.Nc3 e5 4.Nge2 Nc6 5.h3 g6 6.Be3 Bg7 7.Qd2 O-O 8.d5 Na5
9.Ng3 b6 10.Be2 Qe7 11.Bg5 a6 12.b4 Nb7 13.a3 Qe8 14.h4 h5 15.Nd1 a5 16.Rb1 axb4
17.axb4 Ra3 18.Ne3 Nh7 19.Qc1 Ra2 20.Nc4 Qa4 21.Bd3 Bd7 22.Ne2 Qa8 23.Nc3 Ra7
24.Bh6 Qe8 25.f3 Qe7 26.Be3 f5 27.Na3 Nd8 28.Nab5 Rb7 29.Qa3 Nf7 30.Qa6 Rfb8
31.Na7 Nd8 32.Bb5 Bxb5 33.Ncxb5 Qd7 34.Qa2 Kh8 35.Qc4 Ra8 36.Nc6 Qe8 37.Kd2 Qf7
38.Ra1 Rxa1 39.Rxa1 Nxc6 40.Qxc6 Rb8 41.Ra7 fxe4 42.Rxc7 Qf8 43.fxe4 Bh6
44.Bxh6 Qxh6+ 45.Kd3 Rf8 46.Nxd6 Qf4 47.Qxb6 Qg3+ 48.Kc4 Qxg2 49.Kb5 Qf1+
50.c4 Rf6 51.Qa7 Nf8 52.Nf7+ Kg8 53.Nh6+ Kh8 54.Nf7+ Kg8 55.Nxe5 Qf4 56.Nc6 Qxe4
57.Rg7+ Kh8 58.Qe7 Rf4 59.Qxe4 Rxe4 60.Rf7 Kg8 61.Re7 Rxh4 62.Ne5 Rd4 63.Kc5 Rd1
64.Nf3 Rd3 65.Ng5 h4 66.Kd6 Rg3 67.Ne4 Rf3 68.Ng5 Rg3 69.Re5 h3 70.Nxh3 Rxh3
71.c5 Rb3 72.Re4 Nh7 73.Ke7 Kg7 74.d6 Nf6 75.Rd4 Re3+ 76.Kd8 Kf7 77.d7 Ra3
78.c6 Ra8+ 79.Kc7  1-0

[Event "Hessen-ch qual"]
[Site "Doernigheim"]
[Date "1994.??.??"]
[Round "8"]
[White "Roeberg, Frank"]
[Black "Seidel, Juergen"]
[Result "1/2-1/2"]
[WhiteElo "2310"]
[BlackElo "2095"]

1.e4 d6 2.d4 Nf6 3.Nc3 c6 4.f4 Qa5 5.Bd3 e5 6.dxe5 dxe5 7.f5 Bc5 8.Nf3 Nbd7
9.Bd2 Qc7 10.Qe2 b5 11.a4 b4 12.Nd1 a5 13.Ne3 Qa7 14.Nc4 Qc7 15.Be3 Bxe3
16.Qxe3 Ba6 17.Nfd2 Bxc4 18.Nxc4  1/2-1/2

[Event "Dos Hermanas"]
[Site "Dos Hermanas"]
[Date "1994.??.??"]
[Round "5"]
[White "Morovic Fernandez, Ivan"]
[Black "Rivas Pastor, Manuel"]
[Result "1-0"]
[WhiteElo "2605"]
[BlackElo "2505"]

1.e4 d6 2.d4 Nf6 3.Nc3 c6 4.f4 Qb6 5.Be2 e5 6.fxe5 dxe5 7.dxe5 Nfd7 8.Nf3 Na6
9.Bc4 Bb4 10.a3 Bxc3+ 11.bxc3 Nac5 12.Qd4 Nf8 13.a4 Nfe6 14.Qe3 O-O 15.a5 Qc7
16.O-O Bd7 17.Ba3 b6 18.Bxe6 Bxe6 19.axb6 axb6 20.Bxc5 bxc5 21.Qxc5 Ba2 22.Nd4 Rfe8
23.Qxc6 Qxe5 24.Qd7 Rad8 25.Qa7 Bc4 26.Nc6  1-0

[Event "Dresden op"]
[Site "Dresden"]
[Date "1994.??.??"]
[Round "?"]
[White "Hellsten, Johan"]
[Black "Bezold, Michael"]
[Result "1/2-1/2"]
[WhiteElo "2380"]
[BlackElo "2475"]

1.e4 d6 2.d4 Nf6 3.Nc3 e5 4.Nf3 Nbd7 5.Bc4 Be7 6.O-O O-O 7.a4 c6 8.Ba2 b6
9.Re1 a6 10.dxe5 Nxe5 11.h3 Rb8 12.Bf4 Qc7 13.Nb1 b5 14.axb5 axb5 15.Nbd2 Nfd7
16.Bg5 Re8 17.Bxe7 Rxe7 18.Nxe5 dxe5 19.Nf1 Nf8 20.Qd2 Be6 21.Ne3 Rd7 22.Qe2 Rbd8
23.Bxe6 Nxe6 24.Rad1 g6 25.Rxd7 Rxd7 26.c3 Nf4  1/2-1/2

[Event "Dresden U20"]
[Site "Dresden"]
[Date "1994.??.??"]
[Round "?"]
[White "Liiva, Riho"]
[Black "Bartosik, Piotr"]
[Result "1-0"]
[WhiteElo "2410"]
[BlackElo "2225"]

1.e4 d6 2.d4 Nf6 3.Nc3 Nbd7 4.Nf3 e5 5.Bc4 Be7 6.O-O O-O 7.a4 a5 8.Re1 c6
9.h3 Qc7 10.b3 Nb6 11.Bf1 Re8 12.g3 Bf8 13.Bg2 g6 14.Ba3 Nbd7 15.Qd2 Bg7
16.Rad1 Qb8 17.Qc1 b6 18.Bxd6 Qxd6 19.dxe5 Qc5 20.exf6 Nxf6 21.Qe3 Qb4 22.Nd4 Bb7
23.e5 Rac8 24.Qd2 Nd7 25.e6 fxe6 26.Rxe6 Rf8 27.Ne4 Rfd8 28.Qxb4 axb4 29.Rd6 Nc5
30.Ne2 Rxd6 31.Rxd6 Bf8 32.Rd1 Nxe4 33.Bxe4 Ba6 34.Nf4 g5 35.Ne6 h6 36.Nxf8 Kxf8
37.Rd6 Re8 38.f3 h5 39.Rxc6 g4 40.Rxb6 Be2 41.hxg4 hxg4 42.Kf2 Bd1 43.a5  1-0

[Event "Elgoibar"]
[Site "Elgoibar"]
[Date "1994.??.??"]
[Round "?"]
[White "Alvarez Ibarra, D Rafael"]
[Black "Strikovic, Aleksa"]
[Result "1/2-1/2"]
[WhiteElo "2435"]
[BlackElo "2495"]

1.d4 d6 2.e4 Nf6 3.Nc3 c6 4.f4 Qa5 5.Bd2 e5 6.Nf3 exd4 7.Nxd4 Qb6 8.Nb3 a5
9.a4 Be6 10.Qf3 Nbd7 11.Qe3 Qxe3+ 12.Bxe3 Bxb3 13.cxb3 O-O-O 14.Bd3 Re8 15.Kd2 h5
16.Rhe1 g6 17.Kc2 Bg7 18.Rad1 Kc7 19.Bd4 Re7 20.Re2 h4 21.Rf1 Nh5 22.Bg1 Bh6
23.Ref2 Nc5 24.Rf3 Nxd3 25.Kxd3 f5 26.Bd4 Rhe8 27.exf5 gxf5 28.g3 hxg3 29.hxg3 Bg7
30.Rh1 Bxd4 31.Rxh5 Bc5 32.Rxf5 Re3+ 33.Rxe3 Rxe3+ 34.Kc4 Kb6 35.Rf6 Rxg3
36.f5 Rg5 37.Rg6 Rxf5 38.Kd3 d5 39.Rg7 Rf3+ 40.Kc2 Rf2+ 41.Kb1 Bd4 42.Rd7 Rg2
43.Rf7 Rg7 44.Rxg7 Bxg7 45.Ne2 Be5 46.Kc2 Kc5 47.Nc1 Kd4 48.Nd3 Bd6 49.Nc1 Ke3
50.Nd3 Kd4 51.Nc1 Bf4 52.Nd3 Be3 53.Ne1 c5 54.Nf3+ Ke4 55.Ne1 b6 56.Kc3 Bd4+
57.Kc2 c4 58.bxc4 dxc4 59.Kb1 Bf2 60.Nc2 Kd3 61.Na3 c3 62.b3 c2+ 63.Nxc2 Kc3
64.Na1 Bc5 65.Ka2 Be7 66.Kb1 Bf8 67.Ka2 Bg7 68.Ka3 Bh6 69.Ka2 Bc1 70.Kb1 Bb2
71.b4 axb4 72.Nc2 Kb3 73.a5 bxa5 74.Nxb4  1/2-1/2

[Event "RUS-ch (Women)"]
[Site "Elista"]
[Date "1994.??.??"]
[Round "?"]
[White "Salakhova, Gulnar"]
[Black "Titorenko, Natalia I"]
[Result "1-0"]
[WhiteElo "2125"]
[BlackElo "2100"]

1.e4 d6 2.d4 Nf6 3.Nc3 e5 4.dxe5 dxe5 5.Qxd8+ Kxd8 6.Bg5 c6 7.O-O-O+ Kc7
8.Nf3 Bd6 9.Bc4 Be6 10.Bxe6 fxe6 11.Bh4 Nbd7 12.Rd2 Bb4 13.Rhd1 Nc5 14.Bg3 Bxc3
15.bxc3 Ncxe4 16.Bxe5+ Kb6 17.Re2 Nc5 18.Bd4 Rhe8 19.Ne5 Rad8 20.Red2 Rc8
21.Nc4+  1-0